Organization Theory and the Public Sector Instrument, Culture and Myth
Enregistré dans:
| Auteur principal: | |
|---|---|
| Autres auteurs: | , |
| Format: | Livre |
| Langue: | anglais |
| Publié: |
Abingdon
Routledge
2020
|
| Édition: | 2nd Edition |
| Sujets: | |
| Tags: |
Pas de tags, Soyez le premier à ajouter un tag!
|
MARC
| LEADER | 00000nam a2200000 4500 | ||
|---|---|---|---|
| 001 | 0299444 | ||
| 005 | 20240419104214.4 | ||
| 020 | |a 978-0-367-42891-4 | ||
| 020 | |a 978-0-367-42890-7 | ||
| 041 | 0 | |a eng | |
| 044 | |a GB | ||
| 245 | 1 | 0 | |a Organization Theory and the Public Sector |b Instrument, Culture and Myth |c Tom Christensen, Per Lǽgreid and Kjell Arne Røvik |
| 250 | |a 2nd Edition | ||
| 264 | 1 | |a Abingdon |b Routledge |c 2020 | |
| 300 | |a 206 s. | ||
| 610 | 2 | 0 | |a sektor verejný |
| 610 | 2 | 0 | |a správa verejná |
| 610 | 2 | 0 | |a vodcovstvo |
| 610 | 2 | 0 | |a kultúra podniková |
| 610 | 2 | 0 | |a motivácia |
| 100 | 1 | |a Christensen, Tom | |
| 700 | 1 | |a Lǽgreid, Per | |
| 700 | 1 | |a Røvik, Kjell Arne | |